01156cas a22002653 45000010009000000050017000090080041000260100017000670400019000840430012001030500008001150820008001232450029001312600052001603000024002123100012002365900260002486500058005087100062005662700079006289060042007079420025007499990017007749520099007911056267220020613163012.0851018u xx u 0 0 0und  asa 64000233  aDLCcCarPdDLC aa-ii--- aLAW a340 aCurrent Indian statutes. aChandigarhc[n.d.]bThe Current Indian statutes av.btables.c27 cm. aMonthly aHoldings in 3x5 and visible files. Began publication in 1923. Includes legislation of the Indian Parliament, and rules and decisions of the Supreme Court as well as similar material from selected state legislatures and high courts. PL 480 material - sent  aLaw reports, digests, etc.zIndia. [from old catalog] aIndia (Republic)kLaws, statutes, etc. [from old catalog] a36, Sector 9-A, bChandigarhe160017k2742063l4642878mimsuri@hotmail.com bcbccserpremduencipf19gy-ilsserca 2ddccSRh340mCURs1 c22599d22599 00102ddc40718NFICaDBADbDBADd2009-01-29l0o340 CURr2009-01-29 00:00:00w2009-01-29ySR